Statistiques concernant Jojo's bizarre adventure quel son leur stands

Cliquez ici pour prendre le quiz!

Statistiques générales

  • Ce quiz a été pris 290 fois
    (197 depuis la dernière actualisation)
  • Le résultat moyen est 38 sur 110

Statistiques - réponses

UtilisateursStands% Correct
Jotaro KujoStar Platinum
98%
DioThe World
91%
Jean Pierre PolnareffSilver Chariot
85%
Joseph JoestarHermit Purple
82%
Yoshikage Kira (1er Stand)Killer Queen
74%
Noriaki KakyoinHierophant Green
73%
Okuyasu NijimuraThe Hand
73%
Josuke HigashikataCrazy Diamond
71%
Koichi HiroseEchoes
70%
Giorno GiovannaGold Experience
70%
Mohammed AbdulMagician's Red
70%
Rohan KishibeHeaven's Door
65%
IggyThe Fool
65%
Jean Pierre Polnareff
(Stand Évoluer)
Silver Chariot Requiem
64%
Yoshikage Kira (3ème Stand)Bites the Dust
63%
Jolyne CujohStone Free
63%
Diavolo / Vinegar DoppioKing Crimson
62%
Enrico Pucci (3ème Stand)Made in Heaven
62%
Hol HorseEmperor
60%
Giorno Giovanna
(Stand Évoluer)
Gold Experience Requiem
60%
Guido MistaSex Pistols
59%
Bruno BucciaratiSticky Fingers
59%
Enrico Pucci (1er Stand)Whitesnake
59%
Ermes CostelloKiss
56%
Leone AbbacchioMoody Blues
56%
Weather ReportWeather Report
56%
Enrico Pucci (2ème Stand)C-Moon
55%
Pannacotta FugoPurple Haze
55%
Akira OtoishiRed Hot Chili Pepper
54%
Narancia GhirgaAerosmith
52%
Risotto NeroMetallica
52%
Trish UnaSpice Girl
51%
Chaka / KhanAnubis
47%
Vanilla IceCream
46%
Narciso AnasuiDiver Down
43%
Mannish BoyDeath Thirteen
41%
Yoshikage Kira (2ème Stand)Sheer Heart Attack
41%
F.F.Foo Fighters
40%
Keicho NijimuraBad Company
39%
Gray FlyTower of Gray
37%
PolpoBlack Sabbath
34%
Enya GeilJustice
34%
ForeverStrength
32%
UngaloBohemian Rhapsody
31%
Imposteur Capitaine TennilleDark Blue Moon
31%
Daniel J. D'ArbyOsiris
31%
CioccolataGreen Day
30%
Steely DanLovers
30%
Arabia FatsSun
30%
ZZWheel of Fortune
30%
Shigekiyo YanguHarvest
29%
BoingoTohth
29%
Aya TsujiCinderella
28%
NenaEmpress
28%
GhiaccioWhite Album
28%
J. GeilHanged Man
27%
CarneNotorious B.I.G
26%
IllusoMan in the Mirror
25%
Tamami KobayashiThe Lock
25%
MariahBastet
24%
PesciBeach Boy
24%
Yukako YamagishiLove Deluxe
24%
Coco JumboMr.President
24%
Emporio AlniñoBurning Down the House
23%
Pet shopHorus
22%
Mikitaka HazekuraEarth Wind and Fire
21%
Rubber SoulYellow Temperance
21%
MidlerHigh Priestess
20%
Yuya FungamiHighway Star
20%
TamaStray Cat
20%
Toyohiro KanedaichiSuper Fly
20%
GuccioSurvivor
20%
Donatello VersusUnder World
20%
OingoKhnum
19%
SeccoOasis
19%
MeloneBaby Face
18%
N'DoulGeb
18%
Thunder McQueenHighway to Hell
18%
Tonio TrussardiPearl Jam
18%
Terunosuke MiyamotoEnigma
17%
CameoJudgement
17%
Anjuro KatagiriAqua Necklace
16%
Devo the CursedEbony Devil
16%
FormaggioLittle Feet
16%
Toshikazu HazamadaSurface
16%
SqualoClash
15%
KenzoDragon's Dream
15%
Johngalli A.Manhattan Transfer
15%
MiraschonMarilyn Manson
15%
ScolippiRolling Stones
15%
RikielSky High
15%
Masazo KinotoCheap Trick
14%
GwessGoo Goo Dolls
14%
Miuccia MiullerJail House Lock
14%
Terence T. D'ArbyAtum
13%
Lang RanglerJumpin' Jack Flash
13%
SaleKraft Work
13%
AlessiSethan
13%
TizianoTalking Head
13%
Shizuka JoestarAchtung Baby
12%
Yoshihiro KiraAtom Heart Father
12%
Viviano WestwoodPlanet Waves
12%
Bug-Eaten / Not Bug-EatenRatt
12%
Mario ZuccheroSoft Machine
12%
D an GYo-Yo Ma
12%
Ken OyanagiBoy II Man
10%
Sports MaxxLimp Bizkit
10%
ProsciuttoThe Greatful Dead
10%
The Green BabyGreen, Green Grass of Home
9%
Kenny G.Tenore Sax
9%

Distribution des résultats

Percentile par nombre de réponses

% des personnes avec chaque résultat

Votre développement - résultats

Vous n’avez pas pris ce quiz depuis la dernière actualisation